000 00510nam a2200217Ia 4500
003 OSt
005 20220928141851.0
006 a|||||r|||| 00| 0
007 ta
008 220927b |||||||| |||| 00| 0 eng d
024 _a18180
037 _cTextual
040 _aSDCL
_cSDCL
_beng
041 _2eng
_aeng
082 _aWxJ88, J6
100 _aPeters Richard
_9439056
245 0 _aHobbes
260 _c1956
942 _hWxJ88, J6
_cTEXL
_2CC
999 _c820443
_d820443